[Event "Titled Tuesday intern op 24th Oct Late"]
[Site "Chess.com INT"]
[Date "2023.10.24"]
[Round "3"]
[White "Zivic, Dragan"]
[Black "Korol, Dimitry"]
[Result "0-1"]
[WhiteElo "2146"]
[BlackElo "2287"]
[PlyCount "92"]
[EventDate "2023.10.24"]
[EventType "swiss (blitz)"]
[EventRounds "11"]
[EventCountry "USA"]
[SourceTitle "Mega2024 Update 01"]
[Source "Chessbase"]
[SourceDate "2023.11.12"]
[SourceVersion "1"]
[SourceVersionDate "2023.11.12"]
[SourceQuality "1"]

1. c4 c5 2. Nc3 g6 3. Nf3 Bg7 4. g3 Nc6 5. Bg2 Nh6 6. d4 cxd4 7. Nxd4 Nxd4 8. Bxh6 Bxh6 9. Qxd4 0-0 10. 0-0 Bg7 11. Qd3 d6 12. Rfd1 Bf5 13. e4 Be6 14. b3 Qa5 15. Rac1 Rab8 16. a4 Rfc8 17. h3 a6 18. Nd5 Bxd5 19. cxd5 Rc5 20. Rxc5 Qxc5 21. Qc4 Rc8 22. Rc1 Bd4 23. Qxc5 Bxc5 24. Kh2 Rb8 25. Bf1 Bxf2 26. Rc7 Kf8 27. b4 Ke8 28. b5 a5 29. Rc2 Bc5 30. Kg2 Kd7 31. Kf3 Rf8 32. Bd3 b6 33. g4 e6 34. Bc4 Ke7 35. Rc1 e5 36. Bd3 Kf6 37. h4 h6 38. Rf1 Kg7 39. Kg3 f6 40. h5 Rc8 41. Kf3 Bd4 42. Ke2 Rc3 43. hxg6 Kxg6 44. Rb1 Kg5 45. Rd1 Kxg4 46. Rg1+ Bxg1 0-1

[Event "Belgrade Gligoric 100 Ann op"]
[Site "Belgrade"]
[Date "2023.02.05"]
[Round "1"]
[White "Zivic, Dragan"]
[Black "Pap, Misa"]
[Result "0-1"]
[WhiteElo "2196"]
[BlackElo "2403"]
[PlyCount "83"]
[EventDate "2023.02.05"]
[EventType "swiss (blitz)"]
[EventRounds "11"]
[EventCountry "SRB"]
[SourceTitle "EXT 2024"]
[Source "ChessBase"]
[SourceDate "2023.10.10"]
[SourceVersion "1"]
[SourceVersionDate "2023.10.10"]
[SourceQuality "1"]

1. e4 c5 2. Nc3 Nc6 3. g3 g6 4. Bg2 Bg7 5. d3 d6 6. Nge2 e6 7. Be3 Nd4 8. 0-0 Ne7 9. a3 Rb8 10. Rb1 0-0 11. b4 b6 12. f4 a6 13. Qd2 Qc7 14. bxc5 dxc5 15. g4 f5 16. h3 Bb7 17. Ng3 Rbd8 18. exf5 exf5 19. Kh2 b5 20. Nd1 Bxg2 21. Qxg2 Qd7 22. g5 Nd5 23. Bc1 Rfe8 24. Bb2 Qc7 25. Bc1 c4 26. c3 Nb3 27. d4 Nxc1 28. Rxc1 Nxf4 29. Qf3 Nd3 30. Rb1 Re7 31. Nf2 Nf4 32. Rfe1 Rde8 33. Rxe7 Rxe7 34. h4 Nh5 35. Kg2 Nxg3 36. Qxg3 Qxg3+ 37. Kxg3 Re3+ 38. Kg2 Rxc3 39. a4 Bxd4 40. Rd1 Bxf2 41. Kxf2 b4 42. Ra1 0-1

[Event "SRB-chT 1st League CS"]
[Site "Banja Vrujci"]
[Date "2022.10.04"]
[Round "5.1"]
[White "Bozic, Milan"]
[Black "Zivic, Dragan"]
[Result "1-0"]
[WhiteElo "2201"]
[BlackElo "2194"]
[PlyCount "57"]
[EventDate "2022.10.01"]
[EventType "team-tourn"]
[EventRounds "11"]
[EventCountry "SRB"]
[SourceTitle "CBM 210 Extra"]
[Source "ChessBase"]
[SourceDate "2022.11.30"]
[SourceVersion "1"]
[SourceVersionDate "2022.11.30"]
[SourceQuality "1"]
[WhiteTeam "Valjevo 2005"]
[BlackTeam "Nis Nais"]
[WhiteTeamCountry "SRB"]
[BlackTeamCountry "SRB"]

1. c4 Nf6 2. g3 g6 3. Bg2 Bg7 4. Nc3 e5 5. Nf3 Nc6 6. 0-0 0-0 7. d4 d6 8. e3 Bf5 9. h3 h5 10. b3 Re8 11. Bb2 Rc8 12. Ne1 exd4 13. exd4 Ne4 14. Nd5 Ng5 15. Nf4 Be4 16. h4 Bxg2 17. Kxg2 Ne4 18. Rb1 Ne7 19. Nf3 Nf5 20. Re1 c6 21. d5 c5 22. Qd3 Bxb2 23. Rxe4 Qf6 24. Nxh5 Qc3 25. Qe2 Rxe4 26. Qxe4 Ng7 27. Nxg7 Qxg7 28. Qe7 Qf6 29. Re1 1-0

[Event "Speed Chess GP1"]
[Site "Chess.com INT"]
[Date "2021.09.18"]
[Round "9"]
[White "Johnson, Donald"]
[Black "Zivic, Dragan"]
[Result "1-0"]
[WhiteElo "2083"]
[BlackElo "2194"]
[PlyCount "55"]
[EventDate "2021.09.18"]
[EventType "swiss (blitz)"]
[EventRounds "10"]
[EventCountry "USA"]
[SourceTitle "CBM 204 Extra"]
[Source "ChessBase"]
[SourceDate "2021.11.30"]
[SourceVersion "1"]
[SourceVersionDate "2021.11.30"]
[SourceQuality "1"]

1. e4 c5 2. Nf3 e6 3. d4 cxd4 4. Nxd4 a6 5. Nc3 Qc7 6. Bd3 Nc6 7. Nxc6 dxc6 8. 0-0 e5 9. f4 Bd6 10. f5 Nf6 11. Bg5 Qb6+ 12. Kh1 Qxb2 13. Na4 Qa3 14. c3 h6 15. Bc1 b5 16. Bxa3 Bxa3 17. Nb6 Rb8 18. Nxc8 Rxc8 19. Qb3 Bc5 20. a4 Ke7 21. axb5 axb5 22. Ra5 Rhd8 23. c4 Ng4 24. cxb5 Nf2+ 25. Rxf2 Bxf2 26. b6 c5 27. Ra7+ Rd7 28. Rxd7+ 1-0

[Event "Speed Chess GP1"]
[Site "Chess.com INT"]
[Date "2021.09.18"]
[Round "3"]
[White "Kushko, Dmitriy"]
[Black "Zivic, Dragan"]
[Result "1-0"]
[WhiteElo "2322"]
[BlackElo "2194"]
[PlyCount "109"]
[EventDate "2021.09.18"]
[EventType "swiss (blitz)"]
[EventRounds "10"]
[EventCountry "USA"]
[SourceTitle "CBM 204 Extra"]
[Source "ChessBase"]
[SourceDate "2021.11.30"]
[SourceVersion "1"]
[SourceVersionDate "2021.11.30"]
[SourceQuality "1"]

1. b3 b6 2. Bb2 Bb7 3. e3 Nf6 4. Nf3 g6 5. Be2 Bg7 6. 0-0 0-0 7. c4 c5 8. d4 cxd4 9. Nxd4 Nc6 10. Nc3 Nxd4 11. Qxd4 Nd5 12. Qd2 Nxc3 13. Bxc3 Bxc3 14. Qxc3 d6 15. h4 h5 16. Rad1 Qc8 17. Qd4 Qc5 18. Qf4 Kg7 19. Bf3 Bxf3 20. Qxf3 a5 21. a4 Rac8 22. Qe4 Rfe8 23. Rd5 Qc6 24. Qd4+ f6 25. Rb5 Rb8 26. Rd1 Red8 27. e4 Rd7 28. Rd3 Rc7 29. Rg3 Qe8 30. Rxh5 e5 31. Qe3 Qg8 32. Qh6+ Kf7 33. Qh7+ Qg7 34. Rxg6 Qxh7 35. Rxh7+ Kxg6 36. Rxc7 f5 37. exf5+ Kxf5 38. f3 e4 39. Kf2 exf3 40. Kxf3 Ke5 41. Ke3 Rg8 42. Re7+ Kf6 43. Rb7 Rg3+ 44. Kd4 Rxb3 45. Kd5 Rb4 46. g4 Rb1 47. g5+ Kg6 48. Kxd6 Rb4 49. Kd5 Rxa4 50. Rxb6+ Kg7 51. h5 Rb4 52. Ra6 a4 53. Ra7+ Kg8 54. g6 Rb1 55. h6 1-0

[Event "Speed Chess GP1"]
[Site "Chess.com INT"]
[Date "2021.09.18"]
[Round "2"]
[White "Zivic, Dragan"]
[Black "Paul, Justin"]
[Result "0-1"]
[WhiteElo "2194"]
[BlackElo "2250"]
[PlyCount "98"]
[EventDate "2021.09.18"]
[EventType "swiss (blitz)"]
[EventRounds "10"]
[EventCountry "USA"]
[SourceTitle "CBM 204 Extra"]
[Source "ChessBase"]
[SourceDate "2021.11.30"]
[SourceVersion "1"]
[SourceVersionDate "2021.11.30"]
[SourceQuality "1"]

1. e4 c5 2. Nc3 Nc6 3. g3 g6 4. Bg2 Bg7 5. d3 e6 6. Be3 b6 7. Qd2 h6 8. f4 Nge7 9. Nf3 Bb7 10. d4 cxd4 11. Nxd4 0-0 12. Ndb5 d5 13. exd5 exd5 14. Nxd5 Bxb2 15. 0-0 Nf5 16. Bf2 Nd6 17. Rab1 Bg7 18. Nxd6 Qxd6 19. Rbd1 Rad8 20. c4 Qa3 21. Qc2 Kh8 22. f5 Nb4 23. Qb3 Qxb3 24. axb3 Nxd5 25. Bxd5 Bxd5 26. Rxd5 Rxd5 27. cxd5 Be5 28. Re1 f6 29. fxg6 Rd8 30. Rd1 Kg7 31. Be3 Kxg6 32. Kg2 h5 33. h3 Kf5 34. Kf3 Rg8 35. Bf4 Bxf4 36. gxf4 h4 37. d6 Ke6 38. d7 Rd8 39. f5+ Kxf5 40. b4 Ke6 41. Kg4 Rxd7 42. Rxd7 Kxd7 43. Kxh4 a5 44. bxa5 bxa5 45. Kg4 a4 46. h4 a3 47. h5 a2 48. h6 a1Q 49. h7 Qh1 0-1

[Event "Titled Tuesday intern op 10th Nov"]
[Site "Chess.com INT"]
[Date "2020.11.10"]
[Round "9"]
[White "Zivic, Dragan"]
[Black "Golubovskis, Maksims"]
[Result "0-1"]
[WhiteElo "2209"]
[BlackElo "2302"]
[PlyCount "88"]
[EventDate "2020.11.10"]
[EventType "swiss (blitz)"]
[EventRounds "11"]
[EventCountry "USA"]
[SourceTitle "CBM 199 Extra"]
[Source "ChessBase"]
[SourceDate "2021.01.31"]
[SourceVersion "1"]
[SourceVersionDate "2021.01.31"]
[SourceQuality "1"]

1. e4 Nc6 2. Nf3 d6 3. h3 g6 4. d4 Bg7 5. c3 e5 6. Bg5 Nge7 7. d5 Nb8 8. Qd2 h6 9. Be3 Nd7 10. g4 a5 11. Na3 g5 12. Ng1 Ng6 13. 0-0-0 Nf4 14. Ne2 Nf8 15. Ng3 N8g6 16. Bb5+ Bd7 17. Nf5 Bf6 18. Kb1 Kf8 19. Qc2 Bxb5 20. Nxb5 Qd7 21. c4 b6 22. a4 h5 23. f3 Ne7 24. Bf2 Nxf5 25. exf5 Kg7 26. Nc3 hxg4 27. hxg4 Rxh1 28. Rxh1 Rh8 29. Qd1 Rh3 30. Rxh3 Nxh3 31. Qf1 Nf4 32. b3 Qe8 33. Qh1 Nd3 34. Bg3 c6 35. dxc6 Qxc6 36. Nd5 Qc5 37. Nxf6 Kxf6 38. Qh6+ Ke7 39. Qxg5+ Kd7 40. Qf6 Qg1+ 41. Kc2 Nb4+ 42. Kb2 Qg2+ 43. Kb1 Qc2+ 44. Ka1 Qa2# 0-1

[Event "Titled Tuesday intern op 10th Nov"]
[Site "Chess.com INT"]
[Date "2020.11.10"]
[Round "2"]
[White "Zivic, Dragan"]
[Black "Rodchenkov, Sergey D"]
[Result "0-1"]
[WhiteElo "2209"]
[BlackElo "2346"]
[PlyCount "104"]
[EventDate "2020.11.10"]
[EventType "swiss (blitz)"]
[EventRounds "11"]
[EventCountry "USA"]
[SourceTitle "CBM 199 Extra"]
[Source "ChessBase"]
[SourceDate "2021.01.31"]
[SourceVersion "1"]
[SourceVersionDate "2021.01.31"]
[SourceQuality "1"]

1. e4 c5 2. Nc3 e6 3. g3 d5 4. d3 Nc6 5. Bg2 d4 6. Nce2 e5 7. f4 Bd6 8. Nf3 Nge7 9. fxe5 Nxe5 10. Nxe5 Bxe5 11. Nf4 Ng6 12. 0-0 0-0 13. Qh5 Qd6 14. b3 Bd7 15. a4 Rae8 16. Bd2 b6 17. Rf2 Ne7 18. Bh3 g6 19. Qh4 Bxh3 20. Nxh3 Bg7 21. Bh6 f5 22. Ng5 Qf6 23. Re1 Nc6 24. Bxg7 Qxg7 25. Ref1 h6 26. Nh3 g5 27. Qh5 fxe4 28. Rxf8+ Rxf8 29. Rxf8+ Kxf8 30. Qg4 Ne5 31. Qf5+ Kg8 32. Qxe4 Qf6 33. Kg2 Kg7 34. Qb7+ Kg6 35. Qe4+ Qf5 36. Nf2 g4 37. h3 h5 38. hxg4 hxg4 39. Qxf5+ Kxf5 40. Ne4 Nf3 41. Kf2 Ne5 42. Nd6+ Ke6 43. Ne4 Nc6 44. Ke2 Nb4 45. Kd2 Nd5 46. Ke2 Ne3 47. Kd2 Ke5 48. Kc1 Nf5 49. Kd2 Ne3 50. Ng5 Kd5 51. Ne4 a6 52. Kc1 Nf1 0-1

[Event "Titled Tuesday intern op 12th May"]
[Site "Chess.com INT"]
[Date "2020.05.12"]
[Round "9"]
[White "Zivic, Dragan"]
[Black "Kalinina, Larisa"]
[Result "1-0"]
[WhiteElo "2209"]
[BlackElo "2131"]
[PlyCount "59"]
[EventDate "2020.05.12"]
[EventType "swiss (blitz)"]
[EventRounds "10"]
[EventCountry "USA"]
[SourceTitle "EXT 2021"]
[Source "ChessBase"]
[SourceDate "2020.10.23"]
[SourceVersion "1"]
[SourceVersionDate "2020.10.23"]
[SourceQuality "1"]

1. e4 c5 2. Nc3 a6 3. a4 g6 4. g3 Bg7 5. Bg2 Nc6 6. d3 e6 7. f4 Nge7 8. Be3 Nd4 9. Nf3 Nec6 10. 0-0 0-0 11. e5 d5 12. exd6 Qxd6 13. Ne4 Qe7 14. c3 Nxf3+ 15. Qxf3 b6 16. Nxc5 bxc5 17. Qxc6 Bd7 18. Qxc5 Qxc5 19. Bxc5 Rfc8 20. Bxa8 Rxc5 21. d4 Rc8 22. Bb7 Rb8 23. Bxa6 Rxb2 24. Rfb1 Rc2 25. Rb8+ Bf8 26. Bb5 Bxb5 27. axb5 Kg7 28. Rc8 Bb4 29. b6 Bxc3 30. Kh1 1-0

[Event "Titled Tuesday intern op 28th Apr"]
[Site "Chess.com INT"]
[Date "2020.04.28"]
[Round "3"]
[White "Zivic, Dragan"]
[Black "Ghimpu, Samuel Timotei"]
[Result "1/2-1/2"]
[WhiteElo "2209"]
[BlackElo "2302"]
[PlyCount "87"]
[EventDate "2020.04.28"]
[EventType "swiss (blitz)"]
[EventRounds "10"]
[EventCountry "USA"]
[SourceTitle "EXT 2021"]
[Source "ChessBase"]
[SourceDate "2020.10.23"]
[SourceVersion "1"]
[SourceVersionDate "2020.10.23"]
[SourceQuality "1"]

1. e4 d6 2. d4 Nf6 3. Nc3 g6 4. f4 Bg7 5. Nf3 0-0 6. Bd3 Nc6 7. e5 dxe5 8. dxe5 Nd5 9. Nxd5 Qxd5 10. Qe2 Bg4 11. Be4 Qa5+ 12. c3 Nd4 13. Qf2 Bxf3 14. Bxf3 Nxf3+ 15. Qxf3 Qb6 16. Qe2 f6 17. Be3 Qe6 18. Bd4 fxe5 19. fxe5 b6 20. c4 c5 21. Bc3 Rf5 22. Rf1 Bxe5 23. Rxf5 Bxc3+ 24. bxc3 Qxe2+ 25. Kxe2 gxf5 26. Rd1 Kf7 27. Rd7 Ke6 28. Rb7 Rg8 29. g3 Rg4 30. Kd3 h5 31. Rxa7 h4 32. Ra6 hxg3 33. Rxb6+ Ke5 34. hxg3 Rxg3+ 35. Kd2 Rg2+ 36. Kd3 Rg3+ 37. Kd2 f4 38. Rc6 Ke4 39. Re6+ Kf3 40. Rxe7 Rg2+ 41. Kd3 Rxa2 42. Re5 Ra5 43. Rg5 Kf2 44. Ke4 1/2-1/2

[Event "Titled Tuesday intern op 14th April"]
[Site "Chess.com INT"]
[Date "2020.04.14"]
[Round "6"]
[White "Gordon, David"]
[Black "Zivic, Dragan"]
[Result "1/2-1/2"]
[WhiteElo "2116"]
[BlackElo "2209"]
[PlyCount "123"]
[EventDate "2020.04.14"]
[EventType "swiss (blitz)"]
[EventRounds "10"]
[EventCountry "USA"]
[SourceTitle "EXT 2021"]
[Source "ChessBase"]
[SourceDate "2020.10.23"]
[SourceVersion "1"]
[SourceVersionDate "2020.10.23"]
[SourceQuality "1"]

1. d4 Nf6 2. Bg5 e6 3. e4 h6 4. Bxf6 Qxf6 5. c3 d6 6. Bd3 e5 7. Ne2 g6 8. 0-0 Bg7 9. f4 exd4 10. cxd4 0-0 11. Nbc3 Qd8 12. Qb3 Kh8 13. Rad1 a6 14. a4 b6 15. e5 Be6 16. d5 Bg4 17. e6 Qf6 18. Qc4 Ra7 19. h3 Bf5 20. Bxf5 Qxf5 21. g4 Qc2 22. f5 gxf5 23. gxf5 Be5 24. Qh4 Kh7 25. Kh1 Rg8 26. Rg1 Qxf5 27. Rxg8 Kxg8 28. Rg1+ Kh7 29. exf7 Qxf7 30. Qe4+ Kh8 31. Nd1 Nd7 32. Ne3 Nc5 33. Qf5 Qxf5 34. Nxf5 Ra8 35. Nxh6 Rf8 36. Nc3 Nd3 37. Ne4 Rf4 38. Rg4 Kh7 39. Rxf4 Nxf4 40. Nf7 Bxb2 41. h4 Nxd5 42. Kg2 b5 43. axb5 axb5 44. Kf3 Bd4 45. Nfg5+ Kg6 46. Ne6 Be5 47. Kg4 b4 48. h5+ Kh7 49. N4g5+ Kg8 50. h6 Nf6+ 51. Kf5 Nh7 52. Nxc7 Nxg5 53. Kxg5 b3 54. Nb5 b2 55. Na3 d5 56. Kf5 Bc3 57. Nb1 Be1 58. Ke5 Kh7 59. Kxd5 Kxh6 60. Kc4 Bf2 61. Kb3 Bg3 62. Kxb2 1/2-1/2

[Event "Titled Tuesday intern op 14th April"]
[Site "Chess.com INT"]
[Date "2020.04.14"]
[Round "8"]
[White "Zivic, Dragan"]
[Black "Coe, William R"]
[Result "1-0"]
[WhiteElo "2209"]
[BlackElo "2078"]
[PlyCount "91"]
[EventDate "2020.04.14"]
[EventType "swiss (blitz)"]
[EventRounds "10"]
[EventCountry "USA"]
[SourceTitle "EXT 2021"]
[Source "ChessBase"]
[SourceDate "2020.10.23"]
[SourceVersion "1"]
[SourceVersionDate "2020.10.23"]
[SourceQuality "1"]

1. e4 c5 2. Nc3 e6 3. g3 Nc6 4. Bg2 g6 5. d3 Bg7 6. Be3 b6 7. Qd2 h6 8. Nge2 Nge7 9. d4 cxd4 10. Nxd4 Nxd4 11. Bxd4 0-0 12. Bxg7 Kxg7 13. e5 Nc6 14. 0-0 Qc7 15. f4 Rd8 16. Nb5 Qb8 17. Nd6 Ba6 18. c4 Qc7 19. b3 Rab8 20. Rac1 Ne7 21. g4 Nc8 22. Ne4 Bb7 23. Nf6 d6 24. Qc3 Bxg2 25. Kxg2 Qc6+ 26. Rf3 Ne7 27. exd6 Kf8 28. Nh7+ Kg8 29. dxe7 Kxh7 30. exd8Q Rxd8 31. Kg3 h5 32. h3 Qc7 33. Qe5 Qe7 34. gxh5 f6 35. hxg6+ Kxg6 36. Qe4+ Kh6 37. f5 Rg8+ 38. Kf2 Qc5+ 39. Qe3+ Qxe3+ 40. Kxe3 e5 41. Rcf1 Rd8 42. R1f2 Rd4 43. Rg3 Rd1 44. Rg6+ Kh5 45. Rxf6 Re1+ 46. Kf3 1-0

[Event "Titled Tuesday intern op 14th April"]
[Site "Chess.com INT"]
[Date "2020.04.14"]
[Round "2"]
[White "Zivic, Dragan"]
[Black "Vitenberg, Noam Aviv"]
[Result "1/2-1/2"]
[WhiteElo "2209"]
[BlackElo "2305"]
[PlyCount "108"]
[EventDate "2020.04.14"]
[EventType "swiss (blitz)"]
[EventRounds "10"]
[EventCountry "USA"]
[SourceTitle "EXT 2021"]
[Source "ChessBase"]
[SourceDate "2020.10.23"]
[SourceVersion "1"]
[SourceVersionDate "2020.10.23"]
[SourceQuality "1"]

1. e4 g6 2. d4 Bg7 3. Nc3 c5 4. d5 d6 5. h3 a6 6. a4 Nf6 7. Nf3 0-0 8. Bg5 h6 9. Be3 e5 10. dxe6 Bxe6 11. Qd2 Nc6 12. Rd1 Qa5 13. Be2 Rfd8 14. 0-0 d5 15. exd5 Nxd5 16. Nxd5 Qxd2 17. Rxd2 Bxd5 18. Rfd1 Bxf3 19. Rxd8+ Rxd8 20. Rxd8+ Nxd8 21. Bxf3 Bxb2 22. Bxc5 b5 23. axb5 axb5 24. Be2 Ne6 25. Be3 Nd4 26. Bxd4 Bxd4 27. Bxb5 f5 28. Kf1 Kf7 29. Ke2 Ke6 30. f4 g5 31. fxg5 hxg5 32. g3 Be5 33. Kf3 Kf6 34. Be8 Bc3 35. h4 g4+ 36. Kg2 Kg7 37. h5 Kh6 38. Bg6 Kg5 39. Kh2 f4 40. gxf4+ Kxf4 41. Kg2 Kg5 42. Be8 Kf4 43. Kf2 Kg5 44. Ke2 Kh6 45. Ke3 Kg5 46. Ke4 Kh4 47. Kd3 g3 48. Bc6 Bg7 49. Bf3 g2 50. Bxg2 Kxh5 51. c4 Bf8 52. Kd4 Kg5 53. Kd5 Kf6 54. c5 Bxc5 1/2-1/2

[Event "Titled Tuesday intern op 7th April"]
[Site "Chess.com INT"]
[Date "2020.04.07"]
[Round "6"]
[White "Bagirova, Khatun"]
[Black "Zivic, Dragan"]
[Result "1-0"]
[WhiteElo "1836"]
[BlackElo "2209"]
[PlyCount "69"]
[EventDate "2020.04.07"]
[EventType "swiss (blitz)"]
[EventRounds "10"]
[EventCountry "USA"]
[SourceTitle "EXT 2021"]
[Source "ChessBase"]
[SourceDate "2020.10.23"]
[SourceVersion "1"]
[SourceVersionDate "2020.10.23"]
[SourceQuality "1"]

1. e4 c5 2. Nf3 e6 3. d4 cxd4 4. Nxd4 a6 5. Nc3 Qc7 6. Bd3 Nf6 7. 0-0 b5 8. a3 Bb7 9. Be3 b4 10. axb4 Bxb4 11. f3 d5 12. exd5 Bxc3 13. d6 Qxd6 14. bxc3 Nd5 15. Bd2 Nc6 16. Nxc6 Qxc6 17. c4 Qc5+ 18. Rf2 Ne7 19. Qe2 0-0 20. Be3 Qc7 21. Bd4 Nc6 22. Bb2 e5 23. Re1 f6 24. Qe4 g6 25. Qg4 Bc8 26. Qg3 Qa5 27. Rfe2 Ra7 28. Bc1 Raf7 29. Bh6 f5 30. Bxf8 Rxf8 31. h4 Qc5+ 32. Kh1 a5 33. h5 Kg7 34. Qg5 h6 35. Qxg6+ 1-0

[Event "Titled Tuesday intern op 7th April"]
[Site "Chess.com INT"]
[Date "2020.04.07"]
[Round "5"]
[White "Zivic, Dragan"]
[Black "Silva, Kaua Marques"]
[Result "0-1"]
[WhiteElo "2209"]
[BlackElo "2121"]
[PlyCount "100"]
[EventDate "2020.04.07"]
[EventType "swiss (blitz)"]
[EventRounds "10"]
[EventCountry "USA"]
[SourceTitle "EXT 2021"]
[Source "ChessBase"]
[SourceDate "2020.10.23"]
[SourceVersion "1"]
[SourceVersionDate "2020.10.23"]
[SourceQuality "1"]

1. e4 c5 2. Nc3 Nc6 3. g3 g6 4. d3 Bg7 5. Be3 d6 6. Bg2 Bd7 7. Qd2 Rb8 8. Nge2 b5 9. a3 a5 10. 0-0 b4 11. axb4 axb4 12. Nd1 Nd4 13. h3 h5 14. f4 Qc8 15. Kh2 Nh6 16. Ra7 h4 17. g4 Bxg4 18. hxg4 Nxg4+ 19. Kh1 h3 20. Bf3 Nxf3 21. Rxf3 Ra8 22. Rxa8 Qxa8 23. f5 gxf5 24. Rxf5 e6 25. Rf1 f5 26. Ng3 Nxe3 27. Qxe3 Bd4 28. Qf3 Be5 29. exf5 Qxf3+ 30. Rxf3 Bxg3 31. Rxg3 exf5 32. Rf3 Rh5 33. Ne3 Kd7 34. Nxf5 Rh8 35. Kh2 b3 36. c3 Ke6 37. Ng3 d5 38. Re3+ Kd6 39. Nf5+ Kc6 40. Re6+ Kc7 41. Re7+ Kc6 42. Re6+ Kc7 43. Re5 Kc6 44. d4 cxd4 45. Nxd4+ Kd6 46. Re3 Ra8 47. Rf3 Ra2 48. Kxh3 Rxb2 49. Nf5+ Ke5 50. Nd4 Ke4 0-1